[Event "Barranquilla op"]
[Site "Barranquilla"]
[Date "2025.02.28"]
[Round "7"]
[White "Guerra Verano, Diana"]
[Black "Duran Barraza, Mateo Andres"]
[Result "1/2-1/2"]
[WhiteElo "1787"]
[BlackElo "1977"]
[PlyCount "133"]
[EventDate "2025.02.24"]
[EventType "swiss"]
[EventRounds "8"]
[EventCountry "COL"]
[SourceTitle "CB10_2025"]
[SourceDate "2025.03.05"]
[SourceVersion "1"]
[SourceVersionDate "2025.03.05"]
[SourceQuality "1"]

1. e4 e5 2. Nf3 Nc6 3. Bc4 Bc5 4. c3 Nf6 5. d3 a6 6. Nbd2 0-0 7. h3 Ba7 8. Nf1 d5 9. exd5 Nxd5 10. Ng3 Kh8 11. 0-0 b5 12. Bb3 f6 13. Nh4 Nce7 14. Bc2 g5 15. Nf3 Nf4 16. d4 exd4 17. Nxd4 Bxd4 18. cxd4 Ned5 19. Be4 Rb8 20. Bxf4 Nxf4 21. Qc2 Bb7 22. d5 Bxd5 23. Rad1 Qd7 24. Qc5 c6 25. Nf5 Qe6 26. Bxd5 Qxf5 27. Qxc6 Rfc8 28. Be4 Qe5 29. Qxa6 Qxe4 30. Qxf6+ Kg8 31. Qxg5+ Ng6 32. Rd7 Qe5 33. Qd2 Re8 34. Rd1 Re7 35. Rd5 Qe2 36. Qg5 Qxb2 37. h4 Rf8 38. R5d2 Qf6 39. Qd5+ Kh8 40. h5 Ne5 41. Qxb5 Rg7 42. Kf1 Qg5 43. Qd5 Qxh5 44. Re1 Qh1+ 45. Ke2 Qh5+ 46. Kf1 Rg5 47. Qd4 Qh1+ 48. Ke2 Qxg2 49. Kd1 Qg4+ 50. Qxg4 Nxg4 51. Ree2 Rgf5 52. Ke1 Rh5 53. Kd1 Rh1+ 54. Kc2 Rh2 55. a4 Rf5 56. Kb3 h5 57. Re7 Rhxf2 58. Rd8+ Rf8 59. Rdd7 Nf6 60. Rb7 h4 61. a5 h3 62. Re3 Rh2 63. a6 Rh1 64. Kb2 Rh2+ 65. Kb3 Rh1 66. Kb2 Rh2+ 67. Kb3 1/2-1/2

[Event "Barranquilla op"]
[Site "Barranquilla"]
[Date "2025.02.26"]
[Round "4"]
[White "Duran Barraza, Mateo Andres"]
[Black "Carrillo Parra, Miguel Alfredo"]
[Result "0-1"]
[WhiteElo "1977"]
[BlackElo "2188"]
[PlyCount "44"]
[EventDate "2025.02.24"]
[EventType "swiss"]
[EventRounds "8"]
[EventCountry "COL"]
[SourceTitle "CB10_2025"]
[SourceDate "2025.03.05"]
[SourceVersion "1"]
[SourceVersionDate "2025.03.05"]
[SourceQuality "1"]

1. c4 e6 2. Nc3 d5 3. e3 Nf6 4. Nf3 a6 5. b3 c5 6. d3 Nc6 7. Be2 d4 8. Ne4 Be7 9. 0-0 0-0 10. exd4 cxd4 11. Nxf6+ Bxf6 12. Nd2 Be7 13. f4 Qc7 14. Ne4 f5 15. Nd2 Bd6 16. g3 e5 17. fxe5 Nxe5 18. Nf3 Ng4 19. Kg2 Bd7 20. Nxd4 Be5 21. Bxg4 Bxd4 22. Bf4 fxg4 0-1

[Event "Barranquilla op"]
[Site "Barranquilla"]
[Date "2025.02.26"]
[Round "5"]
[White "Varela Sanchez, David Yoel"]
[Black "Duran Barraza, Mateo Andres"]
[Result "1/2-1/2"]
[WhiteElo "1836"]
[BlackElo "1977"]
[PlyCount "85"]
[EventDate "2025.02.24"]
[EventType "swiss"]
[EventRounds "8"]
[EventCountry "COL"]
[SourceTitle "CB10_2025"]
[SourceDate "2025.03.05"]
[SourceVersion "1"]
[SourceVersionDate "2025.03.05"]
[SourceQuality "1"]

1. e4 e5 2. Nf3 Nc6 3. d4 exd4 4. Nxd4 Bc5 5. Nb3 Bb6 6. Nc3 d6 7. Be2 Nf6 8. 0-0 a6 9. Re1 0-0 10. Bg5 h6 11. Bh4 g5 12. Bg3 Re8 13. Nd2 Nd4 14. h4 Nxe2+ 15. Qxe2 Bg4 16. Qd3 Nd7 17. Nd5 Ba7 18. hxg5 hxg5 19. Qc3 c6 20. Ne3 Bxe3 21. Rxe3 Ne5 22. f3 Be6 23. Kf2 f6 24. Rh1 Qb6 25. b3 Rad8 26. Ke1 Kg7 27. f4 Ng4 28. Rf3 Qc5 29. Qxc5 dxc5 30. fxg5 fxg5 31. Rd3 Bf7 32. Bc7 Rc8 33. Bb6 Nf6 34. Bxc5 Nxe4 35. Nxe4 Rxe4+ 36. Kd1 Be6 37. Rf1 Rc7 38. g3 Bg4+ 39. Kc1 Be2 40. Bf8+ Kg8 41. Rd8 Bxf1 42. Bd6+ Kg7 43. Bxc7 1/2-1/2

[Event "Barranquilla Carnaval Cup"]
[Site "Barranquilla"]
[Date "2024.02.06"]
[Round "7"]
[White "Narvaez Ramirez, Faber Alberto"]
[Black "Duran Barraza, Mateo Andres"]
[Result "1-0"]
[WhiteElo "2067"]
[BlackElo "1966"]
[PlyCount "85"]
[EventDate "2024.02.03"]
[EventType "swiss"]
[EventRounds "9"]
[EventCountry "COL"]
[SourceTitle "CBM 218 Extra"]
[Source "ChessBase"]
[SourceDate "2024.03.31"]
[SourceVersion "1"]
[SourceVersionDate "2024.03.31"]
[SourceQuality "1"]

1. b3 Nf6 2. Bb2 g6 3. f4 d5 4. Nf3 Bg7 5. e3 0-0 6. Bd3 c5 7. 0-0 b6 8. Qe2 Bb7 9. Nc3 Nc6 10. a3 a6 11. a4 Nb4 12. Na2 Nxd3 13. Qxd3 b5 14. axb5 axb5 15. b4 c4 16. Qe2 Ra4 17. Nc3 Rxa1 18. Bxa1 Bc6 19. Nd1 Qd6 20. Ne5 Ra8 21. Bd4 Nd7 22. Nxd7 Bxd4 23. exd4 Bxd7 24. c3 Bf5 25. Qe3 Ra2 26. Nf2 h5 27. g3 f6 28. h3 Qe6 29. Qxe6+ Bxe6 30. Re1 Kf7 31. Re2 Bd7 32. g4 Rb2 33. Kg2 hxg4 34. hxg4 Bc6 35. Kg3 e5 36. fxe5 fxe5 37. Rxe5 Rxd2 38. Re3 Kf6 39. Rf3+ Kg5 40. Nh3+ Kh6 41. g5+ Kh5 42. Rf7 Rd3+ 43. Kf4 1-0

[Event "Bogota Navidad op"]
[Site "Bogota"]
[Date "2014.12.06"]
[Round "6"]
[White "Duran Barraza, Mateo Andres"]
[Black "Gonzalez Parejo, Ramon Junior"]
[Result "1-0"]
[WhiteElo "1897"]
[BlackElo "2129"]
[PlyCount "125"]
[EventDate "2014.12.04"]
[EventType "swiss"]
[EventRounds "9"]
[EventCountry "COL"]
[SourceTitle "CBM 163 Extra"]
[Source "ChessBase"]
[SourceDate "2014.12.23"]
[SourceVersion "1"]
[SourceVersionDate "2014.12.23"]
[SourceQuality "1"]

1. e4 c5 2. Nf3 Nc6 3. d4 cxd4 4. Nxd4 Qb6 5. Nxc6 bxc6 6. Bd3 Nf6 7. Nd2 e5 8. Nc4 Qc7 9. Qe2 Be7 10. 0-0 0-0 11. b3 d6 12. h3 Re8 13. Bb2 Nd7 14. Ne3 Nc5 15. Qf3 Bf8 16. Rfd1 Re6 17. Nf5 Rf6 18. Qe3 Ne6 19. g3 Bd7 20. Kh2 Re8 21. f4 g6 22. fxe5 dxe5 23. Nh4 Bc5 24. Qh6 Rf2+ 25. Kh1 Ng7 26. Rf1 Qb6 27. Rxf2 Bxf2 28. Ng2 Bd4 29. Bxd4 Qxd4 30. Rf1 Be6 31. Qe3 c5 32. Qxd4 cxd4 33. Kh2 f5 34. Nh4 fxe4 35. Bxe4 Bf7 36. Re1 Ne6 37. Nf3 Kg7 38. Nxe5 Ng5 39. Nxf7 Nxf7 40. Re2 Ng5 41. Bd3 Nf3+ 42. Kh1 Rxe2 43. Bxe2 Ng5 44. Kg2 Kf6 45. Bd3 Ke5 46. h4 Ne6 47. h5 Kf6 48. hxg6 hxg6 49. Kf3 Ng7 50. b4 g5 51. a4 Ke5 52. Kg4 Kf6 53. b5 Ne8 54. a5 Nd6 55. b6 axb6 56. axb6 Nb7 57. Be4 Nc5 58. b7 Nd7 59. Bd3 Ne5+ 60. Kh5 Nd7 61. g4 Nb8 62. Bb5 Ke6 63. Kxg5 1-0

[Event "Bogota Navidad op"]
[Site "Bogota"]
[Date "2014.12.04"]
[Round "1"]
[White "Prieto, Ernesto"]
[Black "Duran Barraza, Mateo Andres"]
[Result "1-0"]
[WhiteElo "2098"]
[BlackElo "1897"]
[PlyCount "95"]
[EventDate "2014.12.04"]
[EventType "swiss"]
[EventRounds "9"]
[EventCountry "COL"]
[SourceTitle "CBM 163 Extra"]
[Source "ChessBase"]
[SourceDate "2014.12.23"]
[SourceVersion "1"]
[SourceVersionDate "2014.12.23"]
[SourceQuality "1"]

1. e4 e5 2. Nf3 Nc6 3. Nc3 Bc5 4. Bb5 d6 5. Na4 Bb6 6. Nxb6 axb6 7. 0-0 Nge7 8. d4 exd4 9. Nxd4 0-0 10. Bg5 Nxd4 11. Qxd4 Be6 12. a4 f6 13. Be3 d5 14. f3 c6 15. Be2 c5 16. Qd2 d4 17. Bf2 Nc6 18. f4 Qc7 19. Bg3 f5 20. Bf3 Nb4 21. c3 dxc3 22. Qxc3 Rfd8 23. Rfd1 Rxd1+ 24. Rxd1 Rxa4 25. exf5 Bf7 26. f6 g6 27. f5 Qc8 28. Bxb7 Qe8 29. Bc7 Na2 30. Qe5 Rd4 31. Qxe8+ Bxe8 32. Rxd4 cxd4 33. fxg6 Bxg6 34. Bd5+ Bf7 35. Bxa2 Bxa2 36. Bxb6 d3 37. Kf2 Kf7 38. Bd4 Bd5 39. Ke3 Bc4 40. g4 Kg6 41. Bc3 Kf7 42. Kf4 Be6 43. h4 Bb3 44. Ke5 Bc4 45. b4 Ba6 46. Kd6 Bb7 47. b5 Bf3 48. b6 1-0

[Event "COL-ch Amateur"]
[Site "San Andres Islas"]
[Date "2013.03.17"]
[Round "9"]
[White "Duran Barraza, Mateo Andres"]
[Black "Restrepo, Hugo"]
[Result "1-0"]
[WhiteElo "1886"]
[BlackElo "1726"]
[PlyCount "67"]
[EventDate "2013.03.13"]
[EventType "swiss"]
[EventRounds "9"]
[EventCountry "COL"]
[SourceTitle "CBM 153 Extra"]
[Source "ChessBase"]
[SourceDate "2013.04.22"]
[SourceVersion "1"]
[SourceVersionDate "2013.04.22"]
[SourceQuality "1"]

1. e4 c5 2. Nf3 e6 3. d4 cxd4 4. Nxd4 a6 5. Bd3 Nf6 6. 0-0 Nc6 7. Nxc6 dxc6 8. c4 e5 9. Nc3 Bc5 10. h3 0-0 11. b3 Qe7 12. a3 Rd8 13. Qe2 Bd4 14. Bb2 h6 15. Bc2 Nh7 16. Kh1 Qh4 17. Qf3 Ng5 18. Qg3 Qxg3 19. fxg3 Be6 20. Rad1 a5 21. Na4 b5 22. Bxd4 exd4 23. Nb6 Rab8 24. c5 d3 25. Rxd3 Rxd3 26. Bxd3 Bxb3 27. Rb1 a4 28. Rc1 Ne6 29. e5 Nxc5 30. Rxc5 Rxb6 31. Be4 b4 32. axb4 a3 33. Ra5 a2 34. Ra8+ 1-0

[Event "COL-ch Amateur"]
[Site "San Andres Islas"]
[Date "2013.03.16"]
[Round "6"]
[White "Duran Barraza, Mateo Andres"]
[Black "Martinez Paipa, Hernan"]
[Result "0-1"]
[WhiteElo "1886"]
[BlackElo "1944"]
[PlyCount "92"]
[EventDate "2013.03.13"]
[EventType "swiss"]
[EventRounds "9"]
[EventCountry "COL"]
[SourceTitle "CBM 153 Extra"]
[Source "ChessBase"]
[SourceDate "2013.04.22"]
[SourceVersion "1"]
[SourceVersionDate "2013.04.22"]
[SourceQuality "1"]

1. e4 c5 2. Nf3 d6 3. d4 cxd4 4. Nxd4 Nf6 5. Nc3 g6 6. Be2 Bg7 7. 0-0 0-0 8. Be3 Nc6 9. Nb3 b6 10. f4 Bb7 11. Bf3 Rc8 12. Nd5 Nxd5 13. exd5 Nb8 14. c3 Nd7 15. Re1 Nf6 16. Bf2 Re8 17. Qd3 Qd7 18. h3 Qa4 19. f5 Ba6 20. Qd2 Bb7 21. fxg6 hxg6 22. g4 e6 23. g5 Nxd5 24. Nd4 Qd7 25. Bg3 Rcd8 26. Rad1 Ne7 27. Bxb7 Qxb7 28. Nb5 Nf5 29. Nxd6 Nxd6 30. Bxd6 Rd7 31. Qe2 Red8 32. Bg3 Qc6 33. h4 Rd5 34. Kh2 Qd7 35. Rxd5 Qxd5 36. Bf4 Qxa2 37. Qb5 Bxc3 38. Re2 Bg7 39. Bc7 Qd5 40. Qb4 Rc8 41. Bg3 Rc1 42. Rg2 Qd1 43. Kh3 Qf1 44. Qb3 Rd1 45. Qe3 Bxb2 46. Qe4 Rd2 0-1

[Event "Pan American-ch"]
[Site "Cartagena"]
[Date "2012.09.08"]
[Round "9"]
[White "Bracho Mendoza, Ana Isabel"]
[Black "Duran Barraza, Mateo Andres"]
[Result "0-1"]
[WhiteElo "1601"]
[BlackElo "1860"]
[PlyCount "45"]
[EventDate "2012.07.04"]
[EventType "swiss"]
[EventRounds "9"]
[EventCountry "COL"]
[SourceTitle "CBM 149 Extra"]
[Source "ChessBase"]
[SourceDate "2012.08.24"]
[SourceVersion "1"]
[SourceVersionDate "2012.08.24"]
[SourceQuality "1"]

1. d4 Nf6 2. Nf3 d5 3. e3 Bf5 4. c4 e6 5. Nc3 Nbd7 6. a3 Be7 7. Be2 0-0 8. 0-0 Bg6 9. Ne5 c6 10. b4 Nxe5 11. dxe5 Nd7 12. f4 dxc4 13. Bxc4 Nb6 14. Be2 Nd5 15. Nxd5 cxd5 16. Bb2 Qd7 17. Qb3 b6 18. b5 Rfc8 19. Rac1 Rxc1 20. Rxc1 Rc8 21. Rc3 Kf8 22. Kf2 Bc5 23. Rc1 0-1

[Event "Pan American-ch"]
[Site "Cartagena"]
[Date "2012.07.05"]
[Round "3"]
[White "Oquendo, Eder"]
[Black "Duran Barraza, Mateo Andres"]
[Result "1/2-1/2"]
[WhiteElo "1689"]
[BlackElo "1860"]
[PlyCount "46"]
[EventDate "2012.07.04"]
[EventType "swiss"]
[EventRounds "9"]
[EventCountry "COL"]
[SourceTitle "CBM 149 Extra"]
[Source "ChessBase"]
[SourceDate "2012.08.24"]
[SourceVersion "1"]
[SourceVersionDate "2012.08.24"]
[SourceQuality "1"]

1. c4 e5 2. g3 Nf6 3. Bg2 d5 4. cxd5 Nxd5 5. d3 Be7 6. Nf3 Nc6 7. 0-0 0-0 8. a3 a5 9. Bd2 Be6 10. Nc3 Nb6 11. Qc1 f5 12. Ng5 Bxg5 13. Bxg5 Qd7 14. Nb5 Bd5 15. Qc5 Bxg2 16. Kxg2 h6 17. Bd2 Rae8 18. Rfd1 f4 19. Bc3 fxg3 20. hxg3 Rf5 21. Nxc7 e4 22. Qxb6 e3 23. f3 Ref8 1/2-1/2

[Event "Cartagena IRT op 4th"]
[Site "Cartagena"]
[Date "2012.06.17"]
[Round "6"]
[White "Barros, Raul Junior"]
[Black "Duran Barraza, Mateo Andres"]
[Result "1-0"]
[WhiteElo "2028"]
[BlackElo "1852"]
[PlyCount "71"]
[EventDate "2012.06.14"]
[EventType "swiss"]
[EventRounds "9"]
[EventCountry "COL"]
[SourceTitle "CBM 148 Extra"]
[Source "ChessBase"]
[SourceDate "2012.06.22"]
[SourceVersion "1"]
[SourceVersionDate "2012.06.22"]
[SourceQuality "1"]

1. Nf3 Nf6 2. c4 e6 3. Nc3 d5 4. d4 Nbd7 5. Bf4 a6 6. e3 b6 7. cxd5 exd5 8. Bd3 Be7 9. h3 Bb7 10. Rc1 0-0 11. 0-0 h6 12. Qe2 c5 13. Rfd1 Re8 14. Bb1 Bf8 15. Qc2 g6 16. Rd2 c4 17. Rdd1 Rc8 18. a3 Qe7 19. Qd2 Nh5 20. Bh2 f5 21. Re1 Qe6 22. Qd1 Nhf6 23. Ne5 Nxe5 24. Bxe5 Nd7 25. Bg3 Nf6 26. Be5 Nd7 27. Bh2 b5 28. Kh1 Bd6 29. Bxd6 Qxd6 30. g4 fxg4 31. Qxg4 Kg7 32. Rg1 Nf8 33. Ne2 Rc6 34. Nf4 Bc8 35. Qh5 g5 36. h4 1-0

[Event "Cartagena IRT op 4th"]
[Site "Cartagena"]
[Date "2012.06.15"]
[Round "3"]
[White "Duran Barraza, Mateo Andres"]
[Black "Lora, Joel Fernando"]
[Result "0-1"]
[WhiteElo "1852"]
[BlackElo "2172"]
[PlyCount "74"]
[EventDate "2012.06.14"]
[EventType "swiss"]
[EventRounds "9"]
[EventCountry "COL"]
[SourceTitle "CBM 148 Extra"]
[Source "ChessBase"]
[SourceDate "2012.06.22"]
[SourceVersion "1"]
[SourceVersionDate "2012.06.22"]
[SourceQuality "1"]

1. e4 c5 2. Nf3 d6 3. d4 cxd4 4. Nxd4 Nf6 5. Nc3 a6 6. Bd3 g6 7. 0-0 Bg7 8. Nb3 0-0 9. a4 Nc6 10. Kh1 Be6 11. f4 Rc8 12. h3 Bxb3 13. cxb3 Nb4 14. Be3 Nh5 15. Ne2 Bxb2 16. Rb1 Bg7 17. Bc4 e6 18. Qd2 a5 19. Rfd1 d5 20. exd5 exd5 21. Bxd5 Qe7 22. Bc4 Rfd8 23. Bd4 Rxc4 24. bxc4 Qxe2 25. Qxe2 Ng3+ 26. Kh2 Nxe2 27. Bxg7 Rxd1 28. Rxd1 Kxg7 29. Rd7 b6 30. Rb7 Nc3 31. Rxb6 Nxa4 32. Rd6 Nc5 33. Rd8 a4 34. Rb8 a3 35. Ra8 Nba6 36. Rd8 a2 37. Rd1 Nb3 0-1

[Event "Central Region-ch U14"]
[Site "Bogota"]
[Date "2012.05.19"]
[Round "2.1"]
[White "Duran Barraza, Mateo Andres"]
[Black "Nieto, Manuel Valerio Wald"]
[Result "1/2-1/2"]
[WhiteElo "1852"]
[BlackElo "1959"]
[PlyCount "78"]
[EventDate "2012.05.18"]
[EventType "swiss"]
[EventRounds "7"]
[EventCountry "COL"]
[SourceTitle "EXT 2024"]
[Source "ChessBase"]
[SourceDate "2023.10.10"]
[SourceVersion "1"]
[SourceVersionDate "2023.10.10"]
[SourceQuality "1"]

1. e4 d5 2. exd5 Qxd5 3. Nc3 Qd6 4. d4 Nf6 5. h3 c6 6. Nf3 Bf5 7. Bc4 e6 8. Bg5 Nbd7 9. Qd2 Qc7 10. 0-0-0 Bb4 11. Qe3 h6 12. Bf4 Bd6 13. Bxd6 Qxd6 14. d5 Nxd5 15. Bxd5 cxd5 16. Rxd5 Qb6 17. Qxb6 Nxb6 18. Rb5 Rc8 19. Re1 0-0 20. Re2 Rc7 21. Nd4 Bh7 22. Rb4 Rd7 23. Rd2 Rfd8 24. Nf3 Rxd2 25. Nxd2 Rc8 26. Nde4 Rc4 27. Rxc4 Nxc4 28. b3 Na5 29. Kd2 Kf8 30. f3 Ke7 31. Ne2 Bxe4 32. fxe4 Kd6 33. Ke3 Nc6 34. c3 b5 35. Nd4 Nxd4 36. cxd4 f5 37. b4 g5 38. g3 fxe4 39. Kxe4 h5 1/2-1/2

[Event "Central Region-ch U14"]
[Site "Bogota"]
[Date "2012.05.19"]
[Round "3.3"]
[White "Nieto, Guillermo Luigui"]
[Black "Duran Barraza, Mateo Andres"]
[Result "1/2-1/2"]
[WhiteElo "1913"]
[BlackElo "1852"]
[PlyCount "57"]
[EventDate "2012.05.18"]
[EventType "swiss"]
[EventRounds "7"]
[EventCountry "COL"]
[SourceTitle "EXT 2024"]
[Source "ChessBase"]
[SourceDate "2023.10.10"]
[SourceVersion "1"]
[SourceVersionDate "2023.10.10"]
[SourceQuality "1"]

1. e4 c6 2. d4 d5 3. exd5 cxd5 4. c4 Nf6 5. Nc3 Nc6 6. Nf3 e6 7. Be3 Be7 8. Be2 0-0 9. 0-0 a6 10. Qd2 b6 11. Rfd1 Bb7 12. Bf4 Rc8 13. cxd5 exd5 14. Ne5 Re8 15. Bf3 Na5 16. Rac1 Nc4 17. Nxc4 Rxc4 18. a3 Bd6 19. Bxd6 Qxd6 20. Qd3 g6 21. h3 Rc7 22. Re1 Rce7 23. Rxe7 Rxe7 24. Qd2 Kg7 25. Re1 Re6 26. Re3 Qd7 27. Re1 Qd6 28. Re3 Qd7 29. Re1 1/2-1/2

[Event "Santander UDI University op U27"]
[Site "Santander"]
[Date "2012.04.01"]
[Round "7"]
[White "Duran Barraza, Mateo Andres"]
[Black "Quintero Rueda, Elizabeth"]
[Result "1-0"]
[WhiteElo "1845"]
[BlackElo "1444"]
[PlyCount "87"]
[EventDate "2012.03.29"]
[EventType "swiss"]
[EventRounds "9"]
[EventCountry "COL"]
[SourceTitle "CBM 147 Extra"]
[Source "ChessBase"]
[SourceDate "2012.04.24"]
[SourceVersion "1"]
[SourceVersionDate "2012.04.24"]
[SourceQuality "1"]

1. e4 e5 2. Nf3 Nc6 3. d4 exd4 4. Nxd4 Nf6 5. Nc3 d5 6. exd5 Nxd5 7. Bb5 Nde7 8. Nxc6 Qxd1+ 9. Kxd1 Nxc6 10. Bf4 Bd6 11. Bxd6 cxd6 12. Kd2 0-0 13. Rad1 Nd4 14. Kc1 Nxb5 15. Nxb5 Be6 16. Rxd6 Bxa2 17. b3 Rfe8 18. Nd4 Rad8 19. Rxd8 Rxd8 20. Rd1 h6 21. Kb2 Bxb3 22. cxb3 Kh7 23. Rd2 g5 24. Nf3 Rxd2+ 25. Nxd2 Kg6 26. Nc4 b6 27. Nd6 a5 28. Nc4 Kf5 29. Nxb6 h5 30. Nc4 g4 31. Nxa5 h4 32. Kc3 Kf4 33. b4 g3 34. hxg3+ hxg3 35. fxg3+ Kxg3 36. b5 f5 37. b6 f4 38. b7 Kxg2 39. b8Q f3 40. Nb3 f2 41. Nd2 f1Q 42. Nxf1 Kxf1 43. Qh2 Ke1 44. Kd3 1-0